Svrchovaný stát a veřejné zdroje /

Hlavní autor: Štědroň, Radoslav, 1955-
Korporativní autor: Ostravská univerzita. Katedra výchovy k občanství
Jazyk: Čeština
Vydáno: Ostrava : Ostravská univerzita v Ostravě, 2013
Vydání: Vyd. 1.
Témata:
Externí odkaz: Digitalizovaný dokument
Fyzický popis: 94 s. : il., 1 faksim. ; 30 cm
Knihy
Uloženo v:
LEADER 02132nam a2200553 a 4500
001 nkc20132536023
003 CZ PrNK
005 20140203142547.0
007 ta
008 131217s2013 xr ah e 000 0 cze
015 |a cnb002536023 
020 |a 978-80-7464-447-4  |q (brož.) 
035 |a (OCoLC)870289118 
040 |a OLA001  |b cze  |d ABA001 
043 |a e-xr--- 
072 7 |a 321  |x Politologie  |2 Konspekt  |9 15 
080 |a 341.211  |2 MRF 
080 |a 330.131.5  |2 MRF 
080 |a 330.52  |2 MRF 
080 |a 502.21  |2 MRF 
080 |a (437.3)  |2 MRF 
080 |a (048.8)  |2 MRF 
100 1 |a Štědroň, Radoslav,  |d 1955-  |7 ola2014801252  |4 aut 
245 1 0 |a Svrchovaný stát a veřejné zdroje /  |c Radoslav Štědroň 
250 |a Vyd. 1. 
260 |a Ostrava :  |b Ostravská univerzita v Ostravě,  |c 2013 
300 |a 94 s. :  |b il., 1 faksim. ;  |c 30 cm 
500 |a Na obálce nad názvem: Ostravská univerzita v Ostravě, Pedagogická fakulta, katedra výchovy k občanství 
504 |a Obsahuje bibliografii 
521 8 |a Určeno pro projekt I-I-I (Inovace - Interdisciplinarita - Integrace) 
650 0 7 |a svrchovanost státu  |7 ph126312  |2 czenas 
650 0 7 |a svrchovanost státu  |7 ph126312  |z Česko  |2 czenas 
650 0 7 |a veřejný zájem  |7 ph134650  |z Česko  |2 czenas 
650 0 7 |a národní bohatství  |7 ph563325  |z Česko  |2 czenas 
650 0 7 |a přírodní zdroje  |7 ph117257  |z Česko  |2 czenas 
650 0 9 |a sovereignty  |2 eczenas 
650 0 9 |a sovereignty  |z Czechia  |2 eczenas 
650 0 9 |a public interest  |z Czechia  |2 eczenas 
650 0 9 |a national wealth  |z Czechia  |2 eczenas 
650 0 9 |a natural resources  |z Czechia  |2 eczenas 
655 7 |a studie  |7 fd133597  |2 czenas 
655 9 |a studies  |2 eczenas 
710 2 |a Ostravská univerzita.  |b Katedra výchovy k občanství  |7 olak2013794312 
856 4 1 |u http://www.digitalniknihovna.cz/mzk/uuid/uuid:0cf2e480-8318-11ea-bc65-005056827e52  |y Digitalizovaný dokument  |x NDK 
910 2 |a BOA001  |b 4-1317.339 
990 |a BK 
995 |a 01 
991 |b 201401  |c NOV  |e n 
996 6 |b 2610574647  |c 4-1317.339  |l MZK  |r Sklad / do 1 hodiny  |n 6  |p p.v.  |w 001391189  |u 000010  |a 1  |e BOA001  |j MZK50  |s P